000
00299nam a2200133Ia 4500
008
191201s2014 xx 000 0 und d
100
_a
ROY,SK
245
0
_a
Fundamentals of Surveying
250
_a
12th
260
_a
N. Delhi
_b
PHI
_c
2014
300
_a
606
650
_a
B.Tech(CE)
942
_2
ddc
_c
BK
999
_c
5869
_d
5869